00549nam a2200217Ia 450000500170000000800460001702000180006303700100008104000080009104000080009904000080010704100080011504100080012308400080013110000130013924500390015226000310019126000090022265000220023185600780025320260306153712.0008 260114s9999 xx 000 0 eng d a9780748695409 aEBOOK aCRL beng cCRL 2eng aeng qCRL aUlbricht 0aMulticultural Immunisation 1st ed bEdinburgh University Press c2016 aPolitical Science uhttps://www.cambridge.org/core/product/identifier/9780748695409/type/BOOK